Obytná štvrť pre občanov a výskumníkov, Helsinky, Fínsko

Gespeichert in:
Bibliographische Detailangaben
1. Verfasser: Máteffy, Laura (Verfasst von)
Weitere Verfasser: Ruhig, Roman (Betreuung Doktorarbeit)
Format: Manuskript Buch
Sprache:Slowakisch
Veröffentlicht: 2024
Schlagworte:
Online-Zugang:http://is.stuba.sk/zp/portal_zp.pl?podrobnosti=159662
https://opac.crzp.sk/?fn=detailBiblioForm&sid=F0082B7A009D1614B1C914B883AC
Tags: Tag hinzufügen
Keine Tags, Fügen Sie das erste Tag hinzu!

MARC

LEADER 00000ntm a22000003a 4500
001 stuzp98888
003 SK-STU
005 20240909154043.7
007 ta
008 150427s2015----xo-----f-mn---000-0-slo-d
040 |a STU  |b slo 
041 0 |a slo 
100 1 |a Máteffy, Laura  |u 010310  |4 aut  |U SvF Stavebná fakulta  |T SvF Katedra architektúry  |X 105941  |U V181|V310  |Y 19  |7 105941 
242 0 1 |a Residential area for citizens and researchers, Helsinki, Finland  |y eng 
245 1 0 |a Obytná štvrť pre občanov a výskumníkov, Helsinky, Fínsko 
260 |c 2024 
650 4 |a dočasné ubytovanie  |2 slo 
650 4 |a modernizácia  |2 slo 
650 4 |a obytná štvrť  |2 slo 
650 4 |a výskumníci  |2 slo 
650 4 |a Helsinki  |2 slo 
650 4 |a Viikki  |2 slo 
650 4 |a temporary accommodation  |2 eng 
650 4 |a modernization  |2 eng 
650 4 |a residential district  |2 eng 
650 4 |a researchers  |2 eng 
650 4 |a Helsinki  |2 eng 
650 4 |a Viikki  |2 eng 
700 1 |a Ruhig, Roman  |u 010310  |k Z1  |4 ths  |U SvF Stavebná fakulta  |T SvF Katedra architektúry  |X 7452  |U V181|V310  |Y 19  |7 A000007452 
856 4 |u http://is.stuba.sk/zp/portal_zp.pl?podrobnosti=159662 
856 4 |u https://opac.crzp.sk/?fn=detailBiblioForm&sid=F0082B7A009D1614B1C914B883AC